[Event "CD Meyer Gedenkturnier 2020"]
[Site "Bremen"]
[Date "2020.10.10"]
[Round "1.1"]
[White "Rafiee, Makan"]
[Black "Donchenko, Alexander"]
[Result "0-1"]
[WhiteElo "2336"]
[BlackElo "2658"]
[Annotator "TA"]
[PlyCount "64"]
[EventDate "2020.10.10"]
[EventType "swiss"]
[EventCountry "GER"]
[SourceTitle "playchess.com"]
[Source "ChessBase"]
[SourceQuality "1"]

{[%evp 24,64,6,-2,14,0,-8,-8,-17,-14,-8,-9,-7,-28,-21,-23,0,-56,-47,-39,-39,-58,-61,-81,-79,-118,-81,-312,-275,-482,-452,-474,-470,-455,-448,-454,-198,-885,-543,-1060,-1020,-958,-619]} 1. e4 c6 2. d4 d5 3. Nc3 dxe4 4. Nxe4 Bf5 5. Ng3 Bg6 6. h4 h6 7. Nf3 Nd7 8. h5 Bh7 9. Bd3 Bxd3 10. Qxd3 e6 11. Bd2 Ngf6 12. O-O-O Be7 13. Qe2 Rc8 {B19: Classical Caro-Kann: 4...Bf5 main line.} 14. Rhe1 O-O 15. Nf5 exf5 {The position is equal.} 16. Qxe7 Ne4 17. Qxd8 $1 Rcxd8 18. Bb4 Rfe8 $36 {[%mdl 2048] Black has the initiative.} 19. Nh4 $1 {[#]} f4 $146 ({Predecessor:} 19... Nxf2 20. Rxe8+ Rxe8 21. Rf1 Ne4 22. Nxf5 Ndf6 23. a4 Re6 24. b3 Nd5 25. Bd2 Nxd2 26. Kxd2 Nf6 27. Re1 Ne4+ 28. Kd3 Nf2+ 29. Kd2 Ne4+ 30. Kd3 Nf2+ 31. Kd2 {½-½ (31) Movsesian,J (2292)-Vajda,S (2351) Zillertal 2015}) 20. Nf5 (20. Re2 $11) 20... Nxf2 $15 21. Rxe8+ $1 Rxe8 22. Rf1 Re2 23. Nd6 Nf6 24. Nxb7 N2e4 25. Nd8 $2 {[#]} (25. c4 $17) 25... Rxg2 $19 ({Inferior is} 25... Nxh5 26. Rg1 $11) 26. c4 $2 (26. Nxc6 f3 27. Be1) 26... Ng3 27. Rf3 Ne2+ 28. Kd1 Ng4 29. Nxc6 Ne3+ (29... Ng1 $142 30. Rxf4 Ne3+ {[%mdl 64] Double Attack} 31. Kc1 Ne2+ {[%mdl 64] Double Attack} 32. Kd2 Nxc4+ {[%mdl 64] Double Attack} 33. Kd3 Nxb2+ 34. Ke4 Nxf4 35. Ne7+ Kh7 36. Kxf4 Nd3+ 37. Kf3 Rxa2) 30. Ke1 $2 (30. Rxe3 fxe3 31. Ne7+ Kh7 32. Nf5) 30... Ng3 {[%csl Gg3][%cal Rg2e2] [#]Black is clearly winning.} 31. Rf2 {Black must now prevent Rxg2.} Rg1+ 32. Kd2 Rd1+ {White did not feel at home in the position after the opening. Accuracy: White = 47%, Black = 68%.} 0-1

[Event "CD Meyer Gedenkturnier 2020"]
[Site "Bremen"]
[Date "2020.10.10"]
[Round "1.2"]
[White "Edouard, Romain"]
[Black "Wachinger, Nikolas"]
[Result "1-0"]
[WhiteElo "2645"]
[BlackElo "2334"]
[Annotator "TA"]
[PlyCount "93"]
[EventDate "2020.10.10"]
[EventType "swiss"]
[EventCountry "GER"]
[SourceTitle "playchess.com"]
[Source "ChessBase"]
[SourceQuality "1"]

{[%evp 9,93,22,12,22,21,14,24,13,27,17,10,16,27,10,4,-62,1,-33,-24,-43,-42,-33,-35,-109,-84,-79,-97,-96,-74,-72,-64,-74,0,-20,0,-15,-24,-38,-22,-35,0,-2,0,-29,2,6,223,225,223,145,142,147,139,146,149,147,146,158,166,134,152,173,164,125,125,110,137,122,148,150,206,201,216,198,29989,29990,29991,29992,29992,29993,29993,29994,29994,29995,29995,29996]} 1. e4 c5 2. Nf3 d6 3. Bb5+ Nd7 4. a4 Ngf6 5. Nc3 a6 6. Be2 {B51: Sicilian: Moscow Variation (3 Bb5+) without 3...Bd7.} b6 7. d4 cxd4 8. Qxd4 {White has an edge.} Bb7 9. O-O e6 10. Rd1 Be7 11. Nd2 {[#]} O-O $146 ({Predecessor:} 11... e5 12. Qe3 Qc7 13. Nc4 O-O 14. b3 Rfd8 15. Ba3 Nc5 16. f3 Rac8 17. Bf1 d5 18. exd5 Nxd5 19. Nxd5 Bxd5 20. Qxe5 {1-0 (62) Samaridis,K (2104)-Magalakis,S (1934) Thessaloniki 2020}) 12. b3 (12. Nc4 $11) 12... Rc8 ({Black should play} 12... d5 $15) 13. Bb2 Qc7 14. Qe3 Rfe8 15. Qg3 d5 16. exd5 (16. Qxc7 $15 Rxc7 17. exd5) 16... Bd6 $17 17. Qh3 exd5 {White must now prevent ...Be5.} 18. Nf3 Bb4 19. Na2 Bc5 (19... Rxe2 $6 20. Nxb4 Ne4 21. Rf1 $11) 20. Bd3 Qf4 (20... g6 $17) 21. b4 Be7 (21... Bxb4 $6 22. Bf5 $16) 22. Bf5 Rcd8 23. Rd4 Qc7 24. Rh4 {[%cal Rh4h7] Threatening mate with Rxh7.} Nf8 25. Be5 Rd6 26. b5 axb5 27. Nc3 (27. axb5 g6 $17) 27... bxa4 $2 (27... Qd8 $1 $11 {and Black is okay.}) 28. Nb5 $18 {[%mdl 64] Pin} ({Stronger than} 28. Raxa4 Bc6 $11) (28. Nxa4 Ng6 $15) ({Not} 28. Rhxa4 Ne4 $16) (28. Bxd6 Qxd6 29. Rhxa4 Bc6 $11) 28... Qd8 29. Nxd6 ({But not} 29. Rhxa4 $6 Bc6) 29... Bxd6 30. Bxd6 Qxd6 31. Rhxa4 g6 32. Ra7 Bc6 33. Bd3 Ne6 34. Qh4 Ne4 35. Bxe4 dxe4 36. Ng5 Nxg5 37. Qxg5 e3 38. fxe3 $40 {[%mdl 128] White wants a kill.} Qd2 39. Rf1 Rf8 (39... Re5 $16 {is a better defense.} 40. Rd7 Bxd7 41. Qxe5 Bc6 42. Qb8+ Kg7) 40. c4 Be4 41. h4 Bd3 $2 {[#]} (41... Qc2 $18 42. Rf6 h6) 42. Rfxf7 $3 {[%mdl 576] Deflection. White mates.} Rxf7 43. Qd8+ Kg7 {[#]} 44. Qd4+ $1 Kg8 45. Ra8+ Rf8 46. Qd5+ Kg7 47. Ra7+ {Accuracy: White = 79%, Black = 66%.} 1-0

[Event "CD Meyer Gedenkturnier 2020"]
[Site "Bremen"]
[Date "2020.10.10"]
[Round "1.3"]
[White "Pajeken, Jakob Leon"]
[Black "Papp, Gabor"]
[Result "0-1"]
[WhiteElo "2332"]
[BlackElo "2602"]
[Annotator "TA"]
[PlyCount "72"]
[EventDate "2020.10.10"]
[EventType "swiss"]
[EventCountry "GER"]
[SourceTitle "playchess.com"]
[Source "ChessBase"]
[SourceQuality "1"]

{[%evp 13,72,34,52,26,10,34,23,8,22,0,0,0,0,0,4,5,5,8,7,0,0,0,0,0,0,0,0,0,0,-79,-83,-82,-75,-100,-89,-83,-78,-95,-85,-86,-94,-174,-170,-167,-141,-235,-232,-227,-221,-218,-217,-618,-573,-842,-842,-822,-812,-921,-745,-29967,-5501]} 1. d4 Nf6 2. Nf3 d5 3. c4 e6 4. g3 dxc4 5. Bg2 a6 6. O-O Nc6 7. e3 Rb8 8. Qe2 {E04: Open Catalan: 5 Nf3.} b5 9. b3 cxb3 10. axb3 {White has an edge.} Bb7 11. Ne5 Nxe5 12. Bxb7 $1 Rxb7 13. dxe5 Nd7 $1 14. Rxa6 {[#]} Be7 $146 ({Much weaker is} 14... Nxe5 $6 15. Bb2 $16) ({Predecessor:} 14... Nc5 15. Ra2 Be7 16. Qf3 {1-0 (16) Niermann,T (2284)-Kroeze,F (2395) Lemgo 2018}) 15. Rd1 {With the idea Qf3.} O-O 16. Nc3 Qe8 17. Ne4 Nxe5 18. Bb2 Ng6 19. h4 f5 20. h5 fxe4 21. Qg4 (21. hxg6 $11 {remains equal.} Bd6 22. gxh7+ Kxh7 23. Kg2 (23. Qg4 Qg6 $15)) 21... Qf7 $17 22. Qxe6 Nh8 23. Rd7 Qxe6 24. Rxe6 Bf6 25. Bxf6 gxf6 26. Rxe4 {Strongly threatening Rg4+.} Nf7 27. Rg4+ (27. Ree7 $17) 27... Kh8 $19 28. Re7 {[#]} f5 $1 {[%cal Rf5g4]} 29. Rf4 (29. Rd4 $17 {might work better.}) 29... Nd6 30. e4 c5 31. Re6 Rd8 ({And not} 31... Nxe4 32. Rexe4 fxe4 33. Rxf8+ Kg7 34. Re8 $11) 32. e5 $2 (32. exf5 Rbd7 33. Re2) 32... Ne4 {Hoping for ...c4.} 33. Rxf5 c4 34. bxc4 {[#]} b4 $1 {[%cal Bb5b4,Bb4b3][%mdl 32]} 35. f3 Nxg3 36. Rg5 b3 {White got outplayed after the opening. Accuracy: White = 51%, Black = 100%.} 0-1

[Event "CD Meyer Gedenkturnier 2020"]
[Site "Bremen"]
[Date "2020.10.10"]
[Round "1.4"]
[White "Kollars, Dmitrij"]
[Black "Papp, Sarah"]
[Result "1-0"]
[WhiteElo "2588"]
[BlackElo "2327"]
[Annotator "RC"]
[PlyCount "31"]
[EventDate "2020.10.10"]
[EventType "swiss"]
[EventCountry "GER"]
[SourceTitle "playchess.com"]
[Source "ChessBase"]
[SourceQuality "1"]

1. e4 e6 2. d4 d5 3. Nd2 Be7 4. Ngf3 Nf6 5. Bd3 dxe4 6. Nxe4 Nbd7 7. c3 Nxe4 8. Bxe4 Nf6 9. Bc2 O-O 10. Bg5 h6 11. Bxf6 Bxf6 12. Qd3 Re8 13. O-O-O Qd5 14. Kb1 b5 15. Qh7+ Kf8 16. Be4 1-0

[Event "CD Meyer Gedenkturnier 2020"]
[Site "Bremen"]
[Date "2020.10.10"]
[Round "1.5"]
[White "Schulze, Lara"]
[Black "Fier, Alexandr"]
[Result "0-1"]
[WhiteElo "2314"]
[BlackElo "2562"]
[Annotator "TA"]
[PlyCount "82"]
[EventDate "2020.10.10"]
[EventType "swiss"]
[EventCountry "GER"]
[SourceTitle "playchess.com"]
[Source "ChessBase"]
[SourceQuality "1"]

{[%evp 13,82,9,37,23,39,0,0,0,0,0,0,0,0,0,0,0,0,-6,10,-52,17,-21,17,24,27,-37,0,0,9,-29,0,0,10,0,27,34,48,19,19,0,6,-29,-41,-18,0,0,0,0,0,0,-8,-13,-15,-118,-117,-197,-160,-237,-239,-395,-395,-389,-352,-681,-672,-747,-752,-742,-756,-1090,-1093]} 1. e4 c6 2. d4 d5 3. e5 Bf5 4. h4 h6 5. g4 Be4 6. f3 Bh7 7. e6 Qd6 8. exf7+ $1 {B12: Caro-Kann: Advance Variation.} Kxf7 9. Bd3 e5 10. dxe5 {The position is equal.} Qxe5+ 11. Ne2 $1 Nd7 12. Bxh7 Rxh7 13. Nbc3 Re8 {[#]} 14. Kf1 $146 ({Predecessor:} 14. Qd3 Ngf6 15. f4 Qe6 16. g5 hxg5 17. fxg5 Ne5 18. Qh3 Qxh3 19. Rxh3 Nfg4 20. Bd2 Rxh4 21. Rxh4 {0-1 (31) Tadic,S (2241)-Ioannidis,E (2407) Veliko Gradiste 2019}) 14... Bc5 15. Bf4 $132 {[%mdl 2048] White is not keeping still} Qe6 16. Kg2 (16. Na4 $11) 16... Ne7 (16... h5 $1 $15 17. g5 Ne7) 17. h5 Rhh8 (17... g5 $5 {[%cal Rg5f4]} 18. Bg3 Qf6 $11) 18. Re1 Qf6 19. Qd2 (19. Na4 $11) 19... Ne5 ({Inferior is} 19... Qh4 20. Bg3 $16) 20. Bxe5 Qxe5 21. Qf4+ Qxf4 22. Nxf4 Bd6 23. Nd3 Nc8 24. f4 Nb6 25. b3 Nd7 26. Kf3 Nc5 27. Nxc5 Bxc5 28. Na4 $1 {[%cal Ra4c5]} Bd4 (28... Ba3 {with more complications.} 29. Rxe8 Rxe8 30. Rd1 b5 31. Nc3 Bc5) 29. c3 Bf6 30. Rxe8 Rxe8 $11 {[%mdl 4096] Endgame KRB-KRN} 31. Rc1 Be7 32. Rc2 Bd6 {...Re4 is the strong threat.} (32... b5 $5 33. Nb2 $8 Bd6 $11) 33. Rd2 {[#]} (33. Nb2 $11) 33... Re1 $1 $17 34. f5 (34. c4 $17) 34... Rg1 35. Rg2 (35. c4 $17) 35... Rc1 $19 36. g5 $2 (36. c4 dxc4 37. bxc4) 36... hxg5 37. Rxg5 b5 38. Nb2 $2 {[#]} (38. Rg6 Ba3 39. Rxc6) 38... Rxc3+ {Black is clearly winning.} 39. Kg4 Ba3 40. Nd1 Rc1 41. Ne3 Rg1+ {Accuracy: White = 49%, Black = 81%.} 0-1

[Event "CD Meyer Gedenkturnier 2020"]
[Site "Bremen"]
[Date "2020.10.10"]
[Round "1.6"]
[White "Johansson, Linus"]
[Black "Coll Ortega, Jordi"]
[Result "1-0"]
[WhiteElo "2492"]
[BlackElo "2268"]
[Annotator "TA"]
[PlyCount "55"]
[EventDate "2020.10.10"]
[EventType "swiss"]
[EventCountry "GER"]
[SourceTitle "playchess.com"]
[Source "ChessBase"]
[SourceQuality "1"]

{[%evp 9,55,2,18,-4,0,-6,13,20,20,27,54,0,33,24,24,16,32,-18,-6,-25,-22,-25,45,50,46,47,45,75,93,90,91,51,69,43,48,35,174,166,514,514,569,568,572,545,525,516,29998,29999]} 1. d4 Nf6 2. c4 e6 3. Nc3 Bb4 4. e3 O-O 5. Nge2 c6 6. Ng3 {E46: Nimzo-Indian: Rubinstein: 4 e3 0-0 5 Ne2 without early Bd3.} (6. a3 $5 {[%cal Ra3b4]} Ba5 7. b4 $11) 6... d5 7. Be2 Nbd7 8. O-O {The position is equal.} dxc4 9. Bxc4 e5 {[#]} 10. Bb3 $146 (10. Bxf7+ $14 Rxf7 11. dxe5) ({Predecessor:} 10. a3 Ba5 11. Ba2 c5 12. d5 a6 13. Nce4 Ne8 14. d6 Kh8 15. Qc2 b5 16. f4 {1-0 (60) Faizrakhmanov,R (2421)-Kharmunova,N (2199) St Petersburg 2017}) 10... exd4 11. exd4 Nb6 12. Bg5 h6 13. Be3 (13. Bxf6 $5 Qxf6 14. Re1 $11) 13... Nbd5 14. Qd3 Be6 15. Bc2 Nxe3 (15... Re8 $11) 16. fxe3 $14 {aiming for Rxf6!} g6 17. Nce2 {[%cal Bc3e2,Be2g3,Bg3e4,Be4f6,Bf6g4][%mdl 32]} Bd6 18. e4 Bxg3 19. Nxg3 Nd7 20. Kh1 Qg5 21. e5 $36 {[%mdl 2048] White has some pressure.} c5 22. Ne4 {[%mdl 64] [#] Double Attack} Qh4 {This move loses the game for Black.} (22... Bf5 $1 $14) 23. dxc5 $18 ({Not} 23. Nxc5 Nxc5 24. dxc5 Bc4 $17) 23... Nxe5 $2 (23... Rad8) 24. Qd4 Ng4 {[%csl Gg4][%cal Rh4h2]} 25. Nf6+ Kh8 {[%csl Gg4][%cal Rh4h2]} 26. Nxg4+ f6 27. Rxf6 Rfd8 {[#]} (27... Rxf6 $18 28. Rf1 {[%mdl 64] Pin} Raf8 29. Rxf6 Rxf6 30. Qxf6+ Qxf6 31. Nxf6 Kg7 32. Ne8+ Kf8 33. Bxg6 Bd5) 28. Rf8+ $1 {[%mdl 64] Discovered Attack (Double check). Accuracy: White = 80%, Black = 60%.} 1-0

[Event "CD Meyer Gedenkturnier 2020"]
[Site "Bremen"]
[Date "2020.10.10"]
[Round "1.7"]
[White "Lubbe, Melanie"]
[Black "Zwirs, Nico"]
[Result "0-1"]
[WhiteElo "2254"]
[BlackElo "2453"]
[Annotator "TA"]
[PlyCount "144"]
[EventDate "2020.10.10"]
[EventType "swiss"]
[EventCountry "GER"]
[SourceTitle "playchess.com"]
[Source "ChessBase"]
[SourceQuality "1"]

{[%evp 18,144,12,16,18,27,15,0,17,14,12,12,12,12,12,12,11,11,13,17,18,9,46,0,6,5,2,-20,0,-9,-6,-6,0,-49,-49,-74,-74,-118,-118,-118,-114,-114,-118,-160,-134,-154,-150,-220,-112,-249,-241,-197,-146,-173,-186,-290,-291,-289,-275,-275,-277,-312,-300,-386,-386,-383,-373,-362,-359,-382,-358,-385,-378,-571,-556,-1027,-359,-329,0,-927,-1040,-960,-958,-901,-852,-545,-785,-914,-920,-924,-920,-839,-747,-656,-551,-632,-733,-661,-492,-398,-378,-2751,-2860,-2248,-1631,-3313,-3183,-5583,-5331,-1991,-1635,-4916,-4836,-29964,-29966,-29947,-12825,-12793,-11103,-2263,-1467,-12848,-10657,-29982,-29983,-29985,-29986,-29985,-29985]} 1. e4 c5 2. Nf3 d6 3. d4 cxd4 4. Nxd4 Nf6 5. Nc3 a6 6. Be3 e5 7. Nf3 Qc7 8. a4 Be7 9. Be2 O-O 10. O-O Nbd7 {B90: Sicilian Najdorf: Unusual White 6th moves, 6 Be3 Ng4 and 6 Be3 e5.} 11. Nd2 Nc5 12. Nc4 Be6 {The position is equal.} 13. Nd5 Bxd5 14. exd5 b5 15. axb5 axb5 16. Na3 b4 17. Nb5 Qb6 {[#]} 18. Rxa8 $146 ({Predecessor:} 18. c4 Nfd7 19. Qd2 b3 20. Kh1 Qb7 21. f4 Rxa1 22. Rxa1 Ra8 23. Rf1 e4 24. Bd4 {1-0 (38) Lubbe,M (2344)-Seps,M (2198) Germany 2011}) 18... Rxa8 19. c3 Qb7 20. Bxc5 dxc5 21. d6 Rd8 22. Qd2 Bf8 23. Qe3 bxc3 24. bxc3 Qb6 25. Bc4 Bxd6 26. Qf3 e4 $36 {[%mdl 2048] Black is really pushing. White is on the road to losing.} 27. Qf5 g6 28. Qg5 Kg7 29. Nxd6 Qxd6 30. f3 h6 31. Qe3 Re8 32. Ra1 (32. h3 $17) 32... Re7 ({Better is} 32... exf3 $19 {( -> ...Ng4!)} 33. Qxf3 Re4) 33. h3 (33. Re1 $17) 33... exf3 $19 34. Qxf3 Ne4 (34... Re4 $19 35. Ra6 Re1+ 36. Kf2 Qd2+ 37. Be2 Nd5) 35. Rd1 Qe5 36. Rd5 {[#]} (36. Qe3 $142) 36... Nd2 $1 {[%mdl 512]} 37. Qf2 (37. Rxd2 Qe1+) 37... Qxc3 38. Qxd2 Qxc4 {[%mdl 4096] Endgame KQR-KQR} 39. Rd8 Qe4 40. Rd5 Qe1+ 41. Qxe1 Rxe1+ {KR-KR} 42. Kf2 Rc1 43. Ke3 Rc2 44. g3 Kf6 45. Ke4 (45. Rd3 {was called for.}) 45... Rc3 46. Kf4 Rc4+ $2 (46... g5+ 47. Kg4 Ke6) 47. Ke3 Rc3+ $2 (47... Ke6 48. Rd3 h5) 48. Kf4 $1 g5+ 49. Kg4 Kg6 {[%csl Gg6][%cal Rh6h5]} 50. Rd6+ f6 {[%csl Gg6][%cal Rh6h5]} 51. h4 Rc4+ 52. Kh3 gxh4 53. gxh4 Rc3+ 54. Kg2 Rc1 55. Rc6 c4 56. Rc5 h5 57. Kf2 c3 58. Ke2 f5 59. Kd3 $2 (59. Rc6+ Kg7 60. Rc8) 59... Rh1 60. Rc6+ Kg7 61. Rc7+ Kf6 62. Rc6+ Ke5 63. Rc5+ Ke6 64. Rc6+ {[#]} Kd5 $1 65. Rh6 Rh3+ 66. Kc2 Kc4 (66... f4 $142 67. Rf6 Ke4 68. Re6+ Kf3 69. Kxc3 Kf2+ 70. Kd2 f3 71. Kd3 Rxh4 72. Rc6 Kg2 73. Ke3 f2 74. Rc2 Rh3+ 75. Kf4 Rg3 76. Ke5 h4 77. Kd5 Kg1 78. Kc5 f1=Q 79. Rc4 Rg5+ 80. Kb4 h3 81. Kb3 Qb1+ 82. Kc3 Qb5 83. Rc7 Rg3+ 84. Kc2 Qb3+ 85. Kc1 Rg2 86. Rc8 Qb2+ 87. Kd1 Qd2#) 67. Rc6+ Kd4 68. Rd6+ Ke4 69. Rh6 f4 70. Rxh5 f3 {Black mates.} 71. Rh8 f2 72. Re8+ Kf3 {Accuracy: White = 42%, Black = 85%.} 0-1

[Event "CD Meyer Gedenkturnier 2020"]
[Site "Bremen"]
[Date "2020.10.10"]
[Round "1.8"]
[White "Lubbe, Nikolas"]
[Black "Colbow, Collin"]
[Result "1-0"]
[WhiteElo "2443"]
[BlackElo "2247"]
[Annotator "TA"]
[PlyCount "91"]
[EventDate "2020.10.10"]
[EventType "swiss"]
[EventCountry "GER"]
[SourceTitle "playchess.com"]
[Source "ChessBase"]
[SourceQuality "1"]

{[%evp 9,90,43,47,53,54,53,46,46,63,14,22,12,20,6,48,37,42,30,66,27,54,58,105,97,105,75,137,104,116,102,129,106,186,169,239,80,212,80,182,5,28,23,167,170,169,164,204,204,199,197,196,212,212,231,231,243,349,335,342,227,248,233,262,166,240,92,254,268,337,322,333,320,491,491,482,477,463,417,1750,1752,1694,1666,29999]} 1. Nf3 c5 2. b3 Nc6 3. e3 e5 4. Bb2 e4 5. Ne5 d5 {[#]} 6. Nxc6 $146 {A04: Unusual lines after 1 Nf3 and King's Indian Attack.} ({Predecessor:} 6. Bb5 a6 7. Nxc6 Qg5 8. Qe2 Bd7 9. f4 exf3 10. Qxf3 axb5 11. Ne5 Be6 12. O-O {1-0 (25) Owens,J (1300)-Lewis,J (2150) ICCF email 2014}) 6... bxc6 7. d3 Nf6 8. Nd2 {White is slightly better.} exd3 9. cxd3 Bd6 10. Be2 O-O 11. O-O Ba6 12. Rc1 Nd7 13. Nf3 Rc8 14. Rc2 (14. d4 $5 {[%cal Re2a6]} Bxe2 15. Qxe2 $14) 14... Qb6 15. Qd2 f5 16. g3 Rf7 17. Rfc1 h6 ({Black should try} 17... Bb7) 18. Bf1 Kh7 19. Bg2 Bb5 20. Qd1 a5 (20... Rcf8 $16) 21. Nh4 {aiming for Qh5.} g6 (21... Rcf8 {keeps fighting.} 22. Qh5 Kg8) 22. Bf3 $2 (22. e4 $1 $18 {[%cal Re4f5] and the rest is easy.} Rg8 23. exd5) 22... Re7 {[#]} (22... Rcf8 $16 {was called for.}) 23. Be2 (23. e4 $1 $18 {[%mdl 512]}) 23... a4 {[#]} (23... Qb8 $16) 24. Qf1 $2 (24. e4 $1 $18) 24... axb3 25. axb3 {[%cal Ba2b3,Bb3b4][%mdl 32]} Ba6 {[#] Black is on the road to losing.} (25... d4 $11 {and Black is okay.}) 26. Qh3 $1 $18 Rf8 27. Nf3 $36 {[%mdl 2048] Strongly threatening Ng5+. Black is under strong pressure.} Nf6 28. Qh4 Kg7 29. b4 $1 c4 30. dxc4 Re4 31. Qh3 Qxb4 32. Bd3 Re7 (32... Qb8 $142 33. Bxe4 dxe4) 33. Nd4 Qb7 34. Bxf5 {Hoping for cxd5.} Bxc4 35. Ne6+ Rxe6 36. Bxe6 Kh7 {intending ...Ne4.} 37. Qh4 (37. g4 $18 {has better winning chances.}) 37... Qe7 $2 (37... Ne4 $16) 38. Bh3 Be5 39. Bxe5 Qxe5 40. Qd4 Qh5 (40... Qe7 $142 41. Qb6 c5) 41. Qa7+ Kh8 42. Qe7 Nh7 43. Rb2 {Intending Rb7 and mate.} Qf3 ({Worse is} 43... Qxh3 44. Rb7 Qg2+ 45. Kxg2 Rf7 46. Qxf7 Bf1+ 47. Rxf1 h5 48. Qxh7#) (43... Qg5 $142 44. Qd6 Qf6 45. Qxf6+ Nxf6) 44. Rb7 {[%csl Gb7][%cal Re7h7]} Qxf2+ 45. Kh1 {[%csl Gb7][%cal Re7h7]} Ng5 46. Qg7# {Accuracy: White = 60%, Black = 40%.} 1-0

[Event "CD Meyer Gedenkturnier 2020"]
[Site "Bremen"]
[Date "2020.10.10"]
[Round "1.9"]
[White "Kardoeus, David"]
[Black "Grigorian, Spartak"]
[Result "1/2-1/2"]
[WhiteElo "2172"]
[BlackElo "2433"]
[Annotator "TA"]
[PlyCount "209"]
[EventDate "2020.10.10"]
[EventType "swiss"]
[EventCountry "GER"]
[SourceTitle "playchess.com"]
[Source "ChessBase"]
[SourceQuality "1"]

{[%evp 9,209,0,14,-57,-56,-76,-73,-96,-94,-142,-135,-229,-229,-235,-213,-239,-226,-234,-228,-232,-234,-229,-186,-211,-174,-457,-441,-429,-226,-220,-220,-269,-271,-264,-231,-483,-228,-452,-439,-649,-236,-183,-175,-300,-245,-249,-233,-247,-229,-241,-197,-198,-196,-191,-191,-331,-330,-295,-290,-274,-72,-78,-7,-5,-2,-14,0,0,0,0,0,0,0,0,0,0,0,0,0,0,0,-14,-14,-14,-14,-14,-14,-14,-14,-21,-21,-21,-21,-21,-21,-21,0,-21,-14,-14,0,0,0,0,0,0,0,0,0,0,0,0,0,0,0,0,0,0,0,0,0,0,0,0,0,0,0,0,0,0,0,0,0,0,0,0,0,0,0,0,0,0,0,0,0,0,0,0,0,0,0,0,0,0,0,0,0,0,0,0,0,0,0,0,0,0,0,0,0,0,0,0,0,0,0,0,0,0,0,0,0,0,0,0,0,0,0,0,0,0,0,0,0,0,0,0,0,0,0,0,0,0]} 1. e4 c6 2. d4 d5 3. e5 c5 4. dxc5 e6 5. a3 Nc6 6. b4 {B12: Caro-Kann: Advance Variation.} ({White should try} 6. Nf3 $11) 6... a5 $15 7. b5 Nxe5 {[#]} 8. Qd4 $146 {Black is better.} ({Predecessor:} 8. Bb2 Nd7 9. c6 bxc6 10. bxc6 Ndf6 11. Bb5 Qb6 12. Qe2 Bc5 13. a4 Ne7 14. Nf3 Nxc6 {0-1 (56) Peng,H (2362)-Low,Z (2415) Prague 2020}) 8... Ng6 9. f4 Be7 10. Ra2 (10. Nf3 $17) 10... Nf6 $19 11. Nc3 O-O 12. Bd3 Qc7 13. Na4 Nd7 $1 14. Bxg6 hxg6 ({Don't do} 14... fxg6 15. Be3) 15. Be3 Bf6 16. Qd2 e5 {And now ...d4 would win.} 17. fxe5 $2 (17. Nf3 {is a better defense.}) 17... Nxe5 18. Nb6 Nc4 (18... Bf5 $142 19. Ne2 Rae8) 19. Nxc4 (19. Nxa8 $2 {is the wrong capture.} Qe7 $19) 19... dxc4 20. Nf3 Rd8 21. Qe2 Re8 22. Kf2 $2 (22. O-O) 22... Be7 (22... Bg4 $142 23. c3 Bh4+ $1 {[%mdl 512]} 24. Kf1 Qd7) 23. b6 $2 (23. Qd1) 23... Qc6 24. Nd4 (24. Qd2 $142 Rd8 25. Qc1) 24... Qf6+ $2 (24... Bh4+ 25. Kg1 Qd5) 25. Qf3 Bxc5 {[%mdl 64] Double Attack} 26. c3 (26. Qxf6 $142 gxf6 27. c3) 26... Qxf3+ 27. gxf3 Bxb6 28. h4 Bc5 29. h5 gxh5 30. Rxh5 b6 31. Nc2 g6 32. Rh4 {[#]} (32. Rh1 $142) 32... Rxe3 $1 33. Nxe3 Bf5 34. Re2 {[#]} Re8 $2 (34... Bd3 $1 $19 {has better winning chances.} 35. Re1 Re8) 35. Rxc4 $17 Bd3 {[#]} (35... Rc8 $17 36. Rd4 Bxd4 37. cxd4 Rc3 38. Nxf5 gxf5) 36. Rxc5 $1 $11 {[%mdl 512] The position is equal.} bxc5 {[%mdl 4096] Endgame KRB-KRN} 37. Rb2 Re5 38. c4 Rh5 39. Rb3 {[#]} Bc2 $1 {[%mdl 512]} 40. Rb5 (40. Nxc2 Rh2+) 40... a4 41. Nxc2 {KRN-KR} Rh2+ 42. Ke3 Rxc2 43. Rxc5 {KR-KR} Rc3+ 44. Ke4 Rxa3 45. Rc8+ Kg7 46. Ra8 Ra1 47. c5 a3 {...a2 is the strong threat.} 48. c6 {Black must now prevent c7.} a2 {aiming for ...Re1+.} 49. c7 Rc1 50. Rxa2 {Hoping for Ra7.} Rxc7 51. Kf4 Rc4+ 52. Kg3 Kh6 53. Ra5 Rc1 54. Rb5 f5 55. f4 Rg1+ 56. Kf2 Ra1 57. Kg3 Kh5 58. Rb3 Rh1 59. Rb8 {[%cal Rb8h8]} Rg1+ 60. Kf3 {[%cal Rb8h8]} Kh6 (60... g5 {with more complications.} 61. fxg5) 61. Rh8+ Kg7 62. Ra8 (62. Rh4 {feels hotter.} Rg4 63. Rh1 Kf6 64. Rc1 g5 65. fxg5+) 62... Rb1 63. Kg3 Rb3+ 64. Kf2 Rd3 65. Rb8 Ra3 66. Rc8 Ra6 67. Rb8 Kf6 68. Rg8 Ra2+ 69. Kf3 Ra3+ 70. Kf2 Rd3 71. Rf8+ Ke6 72. Re8+ Kf7 73. Ra8 (73. Re1 {seems wilder.} Rd4 74. Kf3 Kf6 75. Rg1 Re4 76. Ra1) 73... Rd6 74. Kf3 Ke6 75. Ra5 Rb6 76. Re5+ Kd6 77. Ra5 Rc6 78. Ke3 Rc3+ 79. Kf2 Rc5 80. Ra6+ Rc6 81. Ra5 Rb6 82. Kf3 Rb3+ 83. Kf2 Rc3 84. Rb5 Ra3 85. Ke2 Ke6 86. Kf2 Kf6 87. Rb6+ Kg7 88. Rb8 Ra7 89. Kg3 Kh6 90. Rh8+ Rh7 91. Ra8 Kh5 92. Rg8 Kh6 93. Ra8 Rb7 94. Rh8+ Kg7 95. Ra8 Rb3+ 96. Kf2 Rd3 97. Rb8 Kf7 98. Rb6 Kg7 99. Rb8 Rd6 100. Ra8 Kf6 101. Rf8+ Ke6 102. Re8+ Kd7 103. Rg8 Kc6 104. Rc8+ Kd5 105. Kf3 {Black had all chances to win. Accuracy: White = 78%, Black = 87%.} 1/2-1/2